[Event "Sharjah Masters 3rd"]
[Site "Sharjah"]
[Date "2019.03.22"]
[Round "1"]
[White "Gokhale, Chandrashekhar"]
[Black "Iturrizaga Bonelli, Eduardo"]
[Result "0-1"]
[WhiteElo "2185"]
[BlackElo "2639"]
[PlyCount "90"]
[EventDate "2019.03.22"]
[EventType "swiss"]
[EventRounds "9"]
[EventCountry "UAE"]
[SourceTitle "CBM 189 Extra"]
[Source "ChessBase"]
[SourceDate "2019.05.31"]
[SourceVersion "1"]
[SourceVersionDate "2019.05.31"]
[SourceQuality "1"]

1. Nf3 c5 2. g3 g6 3. Bg2 Bg7 4. 0-0 Nc6 5. d3 d6 6. c4 e6 7. Nc3 Nge7 8. Rb1 0-0 9. a3 d5 10. cxd5 exd5 11. Bd2 b6 12. Na4 a5 13. Qb3 Rb8 14. Bf4 Rb7 15. Rfc1 h6 16. h4 Re8 17. Qb5 Na7 18. Qb3 Nac6 19. Qb5 Kh7 20. Kf1 Qd7 21. Qb3 Qe6 22. Nc3 Rd8 23. Nb5 Nf5 24. e3 Qe7 25. g4 Nxh4 26. Nxh4 Qxh4 27. Nd6 Rxd6 28. Bxd6 Rd7 29. Bg3 Qd8 30. Qa4 Ne7 31. b4 Ba6 32. Qc2 d4 33. e4 Bf8 34. bxa5 bxa5 35. Rb8 Nc8 36. Qb3 Qg5 37. Qd1 Bxd3+ 38. Kg1 Ba6 39. e5 Rd8 40. f4 Qe7 41. f5 d3 42. Bf4 c4 43. Be4 Qa7+ 44. Kg2 Qxb8 45. Qd2 Bb7 0-1

[Event "Chennai op 11th"]
[Site "Chennai"]
[Date "2019.01.19"]
[Round "3"]
[White "Lugovskoy, Maxim"]
[Black "Gokhale, Chandrashekhar"]
[Result "1-0"]
[WhiteElo "2445"]
[BlackElo "2198"]
[PlyCount "85"]
[EventDate "2019.01.18"]
[EventType "swiss"]
[EventRounds "10"]
[EventCountry "IND"]
[SourceTitle "CBM 188 Extra"]
[Source "ChessBase"]
[SourceDate "2019.02.28"]
[SourceVersion "1"]
[SourceVersionDate "2019.02.28"]
[SourceQuality "1"]

1. d4 d6 2. e4 Nf6 3. Nc3 e5 4. dxe5 dxe5 5. Qxd8+ Kxd8 6. Nf3 Bd6 7. Bc4 Be6 8. Bxe6 fxe6 9. Be3 Nbd7 10. 0-0-0 Ke7 11. Nd2 Ng4 12. Bg5+ Ndf6 13. Rdf1 Nh6 14. f3 Nf7 15. Be3 Nd8 16. h4 Nc6 17. Ne2 a6 18. h5 h6 19. g4 Kd7 20. c3 Raf8 21. Kc2 Rf7 22. Nc1 Kc8 23. b4 Nh7 24. a4 Ng5 25. Nd3 Rf6 26. b5 Nb8 27. c4 b6 28. Bxg5 hxg5 29. c5 bxc5 30. Nc4 axb5 31. axb5 Nd7 32. Ra1 Rhf8 33. Ra6 Rxf3 34. b6 Rd8 35. Ra8+ Nb8 36. Rha1 cxb6 37. Nxb6+ Kb7 38. Nc4 Bc7 39. R8a7+ Kc8 40. Rxc7+ Kxc7 41. Ra7+ Kc6 42. Ndxe5+ Kb5 43. Rb7+ 1-0

[Event "Prague Summer op 4th"]
[Site "Prague"]
[Date "2017.08.10"]
[Round "8"]
[White "Nehyba, Martin"]
[Black "Gokhale, Chandrashekhar"]
[Result "0-1"]
[WhiteElo "1875"]
[BlackElo "2197"]
[PlyCount "68"]
[EventDate "2017.08.04"]
[EventType "swiss"]
[EventRounds "9"]
[EventCountry "CZE"]
[SourceTitle "CBM 179 Extra"]
[Source "ChessBase"]
[SourceDate "2017.08.23"]
[SourceVersion "1"]
[SourceVersionDate "2017.08.23"]
[SourceQuality "1"]

1. e4 d6 2. d4 Nf6 3. Bd3 e5 4. dxe5 dxe5 5. Bg5 Be7 6. Nc3 c6 7. Nge2 Nbd7 8. 0-0 h6 9. Bh4 g5 10. Bg3 Nh5 11. Kh1 Qc7 12. f3 Nc5 13. Bf2 Be6 14. g4 Nf4 15. Nxf4 gxf4 16. Kg2 h5 17. h3 0-0-0 18. Qe2 Nxd3 19. cxd3 Qa5 20. Rad1 Bc5 21. Bxc5 Qxc5 22. Qf2 Qe7 23. Rh1 Kb8 24. d4 hxg4 25. hxg4 Rxh1 26. Kxh1 exd4 27. Ne2 c5 28. Nxf4 Bxa2 29. b4 Bb3 30. Rb1 c4 31. Nd5 Qe5 32. Kg2 a6 33. Rb2 Rh8 34. Qg1 c3 0-1

[Event "Prague Summer op 4th"]
[Site "Prague"]
[Date "2017.08.07"]
[Round "5"]
[White "Gokhale, Chandrashekhar"]
[Black "French, Max"]
[Result "1-0"]
[WhiteElo "2197"]
[BlackElo "1968"]
[PlyCount "57"]
[EventDate "2017.08.04"]
[EventType "swiss"]
[EventRounds "9"]
[EventCountry "CZE"]
[SourceTitle "CBM 179 Extra"]
[Source "ChessBase"]
[SourceDate "2017.08.23"]
[SourceVersion "1"]
[SourceVersionDate "2017.08.23"]
[SourceQuality "1"]

1. Nf3 Nf6 2. g3 d5 3. Bg2 e6 4. 0-0 Be7 5. b3 c5 6. c4 Nc6 7. cxd5 exd5 8. d4 0-0 9. Bb2 Be6 10. Nc3 Rc8 11. Rc1 Qa5 12. dxc5 Bxc5 13. Na4 Be7 14. a3 b5 15. Nc5 Qb6 16. Nxe6 fxe6 17. Bh3 Na5 18. Rxc8 Rxc8 19. Nd4 Kh8 20. Bxe6 Rf8 21. Qd3 Nc6 22. Bh3 Bc5 23. Ne6 Rf7 24. Nxc5 Qxc5 25. Rc1 Qb6 26. Qf5 Ne7 27. Qe6 Qxe6 28. Bxe6 Rf8 29. Rc7 1-0

[Event "Sonipat Prakash Singh Memorial 1st"]
[Site "Sonipat"]
[Date "2017.04.22"]
[Round "10"]
[White "Gokhale, Chandrashekhar"]
[Black "Mahindrakar, Indrajeet"]
[Result "0-1"]
[WhiteElo "2205"]
[BlackElo "1901"]
[PlyCount "82"]
[EventDate "2017.04.17"]
[EventType "swiss"]
[EventRounds "10"]
[EventCountry "IND"]
[SourceTitle "CBM 177 Extra"]
[Source "ChessBase"]
[SourceDate "2017.04.27"]
[SourceVersion "1"]
[SourceVersionDate "2017.04.27"]
[SourceQuality "1"]

1. Nf3 d5 2. g3 c5 3. Bg2 Nc6 4. d3 e5 5. Nbd2 Be6 6. e4 d4 7. Nc4 f6 8. a4 Qd7 9. b3 Nge7 10. Ng1 g5 11. h3 Ng6 12. Bf3 0-0-0 13. Bg4 Kb8 14. Qf3 Nb4 15. Na3 Be7 16. Bf5 Bxf5 17. exf5 e4 18. dxe4 Ne5 19. Qe2 d3 20. cxd3 Qd4 21. Rb1 Nbxd3+ 22. Kf1 Nxf2 23. Bb2 Nxh1 24. Bxd4 Nxg3+ 25. Kf2 Nxe2 26. Bxe5+ fxe5 27. Nxe2 Rd3 28. Nc4 Bf6 29. Kg2 h5 30. b4 cxb4 31. Rxb4 Rc8 32. a5 Be7 33. Ra4 Bf6 34. Rb4 g4 35. hxg4 hxg4 36. a6 b6 37. Nxb6 axb6 38. Rxb6+ Ka7 39. Rxf6 Rc2 40. Kf1 Rd1+ 41. Kf2 Rdd2 0-1

[Event "Sonipat Prakash Singh Memorial 1st"]
[Site "Sonipat"]
[Date "2017.04.21"]
[Round "9"]
[White "Srinath, Rao SV"]
[Black "Gokhale, Chandrashekhar"]
[Result "1-0"]
[WhiteElo "2312"]
[BlackElo "2205"]
[PlyCount "75"]
[EventDate "2017.04.17"]
[EventType "swiss"]
[EventRounds "10"]
[EventCountry "IND"]
[SourceTitle "CBM 177 Extra"]
[Source "ChessBase"]
[SourceDate "2017.04.27"]
[SourceVersion "1"]
[SourceVersionDate "2017.04.27"]
[SourceQuality "1"]

1. e4 d6 2. d4 Nf6 3. Nc3 e5 4. Nge2 exd4 5. Nxd4 Be7 6. g3 Bg4 7. f3 Bd7 8. Bg2 Nc6 9. Be3 a6 10. a4 0-0 11. 0-0 Nxd4 12. Qxd4 Bc6 13. g4 Nd7 14. Nd5 Bf6 15. Nxf6+ Qxf6 16. Qd2 Rfe8 17. Bd4 Qe7 18. Qc3 f6 19. b4 Qf7 20. h3 d5 21. exd5 Bxd5 22. Rfe1 c6 23. a5 Rxe1+ 24. Rxe1 Re8 25. Kf2 Re6 26. Bf1 Rxe1 27. Qxe1 Ne5 28. f4 Nc4 29. Bd3 Nd6 30. Bc5 Nc4 31. Bf5 Na3 32. Qe3 Nc4 33. Qe7 Qxe7 34. Bxe7 b6 35. axb6 Nxb6 36. Bd8 Na4 37. Ke3 c5 38. Bd7 1-0

[Event "IND-ch Challengers 53rd"]
[Site "Nagpur"]
[Date "2015.08.25"]
[Round "11"]
[White "Rajesh, VAV"]
[Black "Gokhale, Chandrashekhar"]
[Result "1/2-1/2"]
[WhiteElo "2330"]
[BlackElo "2218"]
[PlyCount "52"]
[EventDate "2015.08.17"]
[EventType "swiss"]
[EventRounds "13"]
[EventCountry "IND"]
[SourceTitle "EXT 2016"]
[Source "ChessBase"]
[SourceDate "2015.10.08"]
[SourceVersion "1"]
[SourceVersionDate "2015.10.08"]
[SourceQuality "1"]

1. d4 d6 2. Nf3 Nd7 3. c4 e5 4. Nc3 Ngf6 5. e4 g6 6. h3 Bg7 7. Be3 exd4 8. Bxd4 0-0 9. Bd3 Re8 10. 0-0 Ne5 11. Re1 Nh5 12. Nxe5 dxe5 13. Be3 c6 14. Bf1 Qxd1 15. Raxd1 Nf4 16. Ne2 Ne6 17. Rd2 Bf8 18. Red1 Bc5 19. Bxc5 Nxc5 20. f3 a5 21. Kf2 Be6 22. Nc3 Kf8 23. Ke3 Ke7 24. Be2 Rad8 25. Rxd8 Rxd8 26. Rxd8 Kxd8 1/2-1/2

[Event "New Delhi Parsvnath op 13th"]
[Site "New Delhi"]
[Date "2015.01.14"]
[Round "8"]
[White "Praggnanandhaa, Rameshbabu"]
[Black "Gokhale, Chandrashekhar"]
[Result "1/2-1/2"]
[WhiteElo "2084"]
[BlackElo "2254"]
[PlyCount "48"]
[EventDate "2015.01.09"]
[EventType "tourn"]
[EventRounds "10"]
[EventCountry "IND"]
[SourceTitle "CBM 164 Extra"]
[Source "ChessBase"]
[SourceDate "2015.03.02"]
[SourceVersion "1"]
[SourceVersionDate "2015.03.02"]
[SourceQuality "1"]

1. e4 d6 2. d4 Nf6 3. Nc3 e5 4. Nf3 exd4 5. Nxd4 Be7 6. Bf4 0-0 7. Qd2 Nc6 8. 0-0-0 Nxd4 9. Qxd4 Be6 10. f3 a6 11. Kb1 Nd7 12. g4 Bg5 13. Bg3 Rc8 14. h4 Bf6 15. Qe3 Bxc3 16. Qxc3 Qf6 17. Qe3 Ne5 18. Be2 Nc4 19. Bxc4 Bxc4 20. Be1 Qe6 21. b3 Bb5 22. Bc3 f6 23. Bb2 Rf7 24. Qd2 Bc6 1/2-1/2

[Event "IND-chB 51st"]
[Site "Bhopal"]
[Date "2013.10.14"]
[Round "3"]
[White "Gokhale, Chandrashekhar"]
[Black "Basu, Suman"]
[Result "1/2-1/2"]
[WhiteElo "2276"]
[BlackElo "2067"]
[PlyCount "47"]
[EventDate "2013.10.12"]
[EventType "swiss"]
[EventRounds "13"]
[EventCountry "IND"]
[SourceTitle "EXT 2014"]
[Source "ChessBase"]
[SourceDate "2013.11.20"]
[SourceVersion "1"]
[SourceVersionDate "2013.11.20"]
[SourceQuality "1"]

1. d4 Nf6 2. Nf3 d5 3. Bf4 e6 4. e3 c5 5. c3 Nc6 6. Nbd2 cxd4 7. exd4 Bd6 8. Bg5 Rb8 9. Bd3 0-0 10. 0-0 b5 11. a3 a5 12. Rc1 h6 13. Bh4 Bd7 14. Re1 Qc7 15. Bb1 Nh7 16. Bg3 f5 17. Bxd6 Qxd6 18. Ne5 Nxe5 19. dxe5 Qe7 20. b4 a4 21. Nf3 g5 22. Nd4 g4 23. Bd3 Ng5 24. Qe2 1/2-1/2

[Event "Mumbai Mayors Cup 6th"]
[Site "Mumbai"]
[Date "2013.06.02"]
[Round "7"]
[White "Kiran, Manisha Mohanty"]
[Black "Gokhale, Chandrashekhar"]
[Result "1/2-1/2"]
[WhiteElo "2195"]
[BlackElo "2284"]
[PlyCount "31"]
[EventDate "2013.05.29"]
[EventType "swiss"]
[EventRounds "11"]
[EventCountry "IND"]
[SourceTitle "CBM 154 Extra"]
[Source "ChessBase"]
[SourceDate "2013.06.25"]
[SourceVersion "2"]
[SourceVersionDate "2013.06.25"]
[SourceQuality "1"]

1. e4 d6 2. d4 Nf6 3. Nc3 e5 4. Nf3 Nbd7 5. Bc4 Be7 6. 0-0 0-0 7. h3 c6 8. a4 b6 9. Ba2 a6 10. Re1 Qc7 11. Bg5 h6 12. Be3 Re8 13. Qd2 Nf8 14. Rad1 b5 15. Qd3 Ng6 16. Ne2 1/2-1/2

[Event "Mumbai Mayors Cup 6th"]
[Site "Mumbai"]
[Date "2013.06.01"]
[Round "5"]
[White "Mohammad, Nubairshah Shaikh"]
[Black "Gokhale, Chandrashekhar"]
[Result "1/2-1/2"]
[WhiteElo "2198"]
[BlackElo "2284"]
[PlyCount "29"]
[EventDate "2013.05.29"]
[EventType "swiss"]
[EventRounds "11"]
[EventCountry "IND"]
[SourceTitle "CBM 154 Extra"]
[Source "ChessBase"]
[SourceDate "2013.06.25"]
[SourceVersion "2"]
[SourceVersionDate "2013.06.25"]
[SourceQuality "1"]

1. d4 d6 2. Nf3 Nf6 3. c4 Nbd7 4. Nc3 e5 5. e4 g6 6. Be2 Bg7 7. 0-0 0-0 8. Be3 c6 9. d5 c5 10. Ne1 Ne8 11. Nd3 f5 12. f4 Qe7 13. exf5 gxf5 14. fxe5 Nxe5 15. Nxe5 1/2-1/2

[Event "IND-chT 33rd"]
[Site "Hyderabad"]
[Date "2013.02.24"]
[Round "6.3"]
[White "Lahiri, Atanu"]
[Black "Gokhale, Chandrashekhar"]
[Result "1/2-1/2"]
[WhiteElo "2319"]
[BlackElo "2264"]
[PlyCount "98"]
[EventDate "2013.02.20"]
[EventType "team-swiss"]
[EventRounds "9"]
[EventCountry "IND"]
[SourceTitle "CBM 153 Extra"]
[Source "ChessBase"]
[SourceDate "2013.04.22"]
[SourceVersion "1"]
[SourceVersionDate "2013.04.22"]
[SourceQuality "1"]
[WhiteTeam "LIC of India"]
[BlackTeam "Air India"]
[WhiteTeamCountry "IND"]
[BlackTeamCountry "IND"]

1. d4 d6 2. c4 Nd7 3. Nc3 e5 4. Nf3 Ngf6 5. g3 g6 6. Bg2 Bg7 7. 0-0 0-0 8. e4 a5 9. h3 c6 10. Be3 exd4 11. Nxd4 Re8 12. Qc2 Nc5 13. Rad1 Qe7 14. Rfe1 Nfd7 15. b3 Nf8 16. Kh2 Nfe6 17. Nde2 Bf8 18. f4 Ng7 19. Bf2 f5 20. Nd4 fxe4 21. Nxe4 Nxe4 22. Rxe4 Qf7 23. Rxe8 Qxe8 24. Qd2 Qf7 25. Nf3 h6 26. a4 Ne6 27. Bb6 Be7 28. Bxa5 Nc5 29. Nd4 Bf6 30. Bc3 Qg7 31. a5 Nxb3 32. Nxb3 Bxc3 33. Qxd6 Bf5 34. Nd4 Bxd4 35. Rxd4 h5 36. c5 Rxa5 37. Qb8+ Kh7 38. Rb4 Rb5 39. Rxb5 cxb5 40. Qxb7 Qxb7 41. Bxb7 Be6 42. Be4 b4 43. c6 b3 44. c7 b2 45. Kg1 Bxh3 46. Kf2 Kg7 47. Ke3 Bf5 48. Bb1 Kf6 49. Kd4 Ke7 1/2-1/2

[Event "IND-chT 33rd"]
[Site "Hyderabad"]
[Date "2013.02.23"]
[Round "5.3"]
[White "Gokhale, Chandrashekhar"]
[Black "Ratnakaran, Kantoli"]
[Result "1/2-1/2"]
[WhiteElo "2264"]
[BlackElo "2426"]
[PlyCount "92"]
[EventDate "2013.02.20"]
[EventType "team-swiss"]
[EventRounds "9"]
[EventCountry "IND"]
[SourceTitle "CBM 153 Extra"]
[Source "ChessBase"]
[SourceDate "2013.04.22"]
[SourceVersion "1"]
[SourceVersionDate "2013.04.22"]
[SourceQuality "1"]
[WhiteTeam "Air India"]
[BlackTeam "Indian Railways II"]
[WhiteTeamCountry "IND"]
[BlackTeamCountry "IND"]

1. d4 Nf6 2. Nf3 g6 3. Bf4 Bg7 4. h3 0-0 5. e3 d6 6. c4 Nbd7 7. Nc3 b6 8. Be2 Bb7 9. 0-0 Re8 10. Bh2 e5 11. Qc2 Qe7 12. Rfd1 e4 13. Nd2 h5 14. b4 g5 15. Rab1 Nf8 16. c5 d5 17. Nb5 Ne6 18. cxb6 axb6 19. Rdc1 Rec8 20. a4 g4 21. hxg4 Nxg4 22. Bxg4 hxg4 23. Nf1 Ba6 24. Qd1 f5 25. Ng3 Qf7 26. Ne2 Bf8 27. Rc6 Bxb5 28. axb5 Nd8 29. Rc2 Nb7 30. Nf4 Nd6 31. Rc6 Bh6 32. Rbc1 Bxf4 33. Bxf4 Nc4 34. Ra1 Nb2 35. Rxa8 Rxa8 36. Qb1 Nd3 37. Rxc7 Qh5 38. Rc6 Nxf4 39. exf4 e3 40. Qc1 Re8 41. Qe1 Qh4 42. g3 exf2+ 43. Qxf2 Qe7 44. Qd2 Qe4 45. Qc3 Qe2 46. Rc8 Qd1+ 1/2-1/2

[Event "IND-chT 33rd"]
[Site "Hyderabad"]
[Date "2013.02.23"]
[Round "4.2"]
[White "Roy Chowdhury, Saptarshi"]
[Black "Gokhale, Chandrashekhar"]
[Result "1/2-1/2"]
[WhiteElo "2472"]
[BlackElo "2264"]
[PlyCount "65"]
[EventDate "2013.02.20"]
[EventType "team-swiss"]
[EventRounds "9"]
[EventCountry "IND"]
[SourceTitle "CBM 153 Extra"]
[Source "ChessBase"]
[SourceDate "2013.04.22"]
[SourceVersion "1"]
[SourceVersionDate "2013.04.22"]
[SourceQuality "1"]
[WhiteTeam "Indian Railways"]
[BlackTeam "Air India"]
[WhiteTeamCountry "IND"]
[BlackTeamCountry "IND"]

1. e4 e5 2. Nf3 d6 3. Bc4 Be7 4. d4 exd4 5. Nxd4 Nf6 6. Nc3 0-0 7. 0-0 Re8 8. Re1 a6 9. a4 c5 10. Nf3 Nc6 11. h3 h6 12. Bf4 Bf8 13. Qd2 Be6 14. Nd5 Bd7 15. e5 Nxd5 16. Bxd5 dxe5 17. Bxe5 Nxe5 18. Nxe5 Be6 19. c4 Qc7 20. Nf3 Rad8 21. Rad1 b5 22. axb5 axb5 23. b3 Bxd5 24. Rxe8 Rxe8 25. Qxd5 bxc4 26. bxc4 g6 27. Rb1 Rd8 28. Qe4 Bg7 29. g3 Qd7 30. Kg2 Re8 31. Qc2 Qc6 32. Qd2 Ra8 33. Rb3 1/2-1/2